000 00418nam a2200157Ia 4500
008 231217s9999 xx 000 0 und d
041 _aEnglish
082 _a001.6424JCL BRO;1 R
100 _aBrown, Gary DeWard
245 0 _aJCL programming bible (with Z/OS)
250 _a5th ed.
260 _c2002
_bJohn Wiley
_aNew Delhi
300 _axii+474
650 _aJCL,programming,bible,(with,Z/OS)
942 _cAA
999 _c174401
_d174401